Crt̕icas al funcionalismo normativista y otros temas actuales del Derecho Penal. Jornadas internacionales de derecho penal /

Detalles Bibliográficos
Autor principal: Montoya, Yvan
Formato: eBook
Lenguaje:español
Publicado: Lima : Palestra Editores, 2011
Materias:
Acceso en línea:Acceso restringido

MARC

LEADER 00000nam a22000007a 4500
005 20120425144322.0
007 cr|||| ||||
008 120425s2011 pe |||||s|||| 00||0 spa d
020 |a 978-612-4047-50-3 
035 |a 6469 
040 |a vLex 
090 |c 3146  |d 3146 
100 1 |a Montoya, Yvan 
245 1 0 |a Crt̕icas al funcionalismo normativista y otros temas actuales del Derecho Penal.  |h [Recurso electrn̤ico] :  |b Jornadas internacionales de derecho penal /  |c Yvan Montoya 
256 |a Servicio en ln̕ea 
260 |a Lima :  |b Palestra Editores,  |c 2011 
300 |a 1 recurso electrn̤ico 
506 1 |a Contenido solo disponible en los productos indicados  |d vLex Global   |d vLex Global (Academic Edition, excluding Law Schools)   |d vLex Global (U.S. Academic Edition, Law Schools)   |d vLex Global (U.S. Academic Edition, excluding Law Schools)   |d vLex Global (Academic Edition, Law Schools)  
650 0 4 |a Derecho penal  |z Per︢ 
740 0 |a vLex Libros (Servicio en ln̕ea) 
856 4 0 |u http://vlex.com/source/criticas-funcionalismo-normativista-otros-temas-actuales-derecho-penal-6469  |z Acceso restringido 
942 |c BOOK 
999 0 |a Criminal law